000 00699nam a2200241Ia 4500
003 OSt
005 20220923223735.0
006 a|||||r|||| 00| 0
007 ta
008 Pun
024 _a220,951
037 _cTextual
040 _aARTS
_cARTS
_bPun
041 _2Pun
_aPun
082 _aO153,3NSIx, N9
100 _aਮੁਖਤਿਆਰ ਸਿੰਘ
_9156275
245 0 _aਖਾਲੀ ਸਲੰਡਰ
260 _aਅੰਮ੍ਰਿਤਸਰ
_b ਲਿਟਰੇਚਰ ਹਾਊਸ
_c1999
300 _a112ਪੰ
_ccm.
650 _aਪੰਜਾਬੀ ਸਾਹਿਤ
942 _hO153,3NSIx, N9
_cTEXL
_2CC
999 _c367160
_d367160